Statistics for South America Capitals Quiz

Click here to take the quiz!

General Stats

  • This quiz has been taken 144,397 times
  • The average score is 9 of 12

Answer Stats

Country Capital % Correct
BrazilBrasília
94%
ArgentinaBuenos Aires
92%
PeruLima
90%
ChileSantiago
86%
ColombiaBogotá
83%
VenezuelaCaracas
79%
BoliviaLa Paz or Sucre
78%
UruguayMontevideo
77%
EcuadorQuito
75%
ParaguayAsunción
62%
GuyanaGeorgetown
56%
SurinameParamaribo
48%

Score Distribution

Percentile by Number Answered

Percent of People with Each Score

Your Score History

You have not taken this quiz